Maska

Bibliographic Details
Main Author: Mašek, Martin (Author)
Format: Article
Language:Slovak
ISSN:1335-3268
Subjects:

MARC

LEADER 00000nab a2200000 a 4500
001 vtls000793652
003 SK-MaSNL
005 20260302154548.0
008 180206c2002 xo 0 slo
015 |a SNBRB2002/05-15853 
035 |a CLN000145307 
040 |a SNKBUCL  |b slo  |c SNKBUCL  |e AACR2 
041 0 |a slo 
044 |a xo  |c SK 
080 |a 725.24(437.6)  |2 UDC-MRF-SK2 
100 1 |a Mašek, Martin  |4 aut  |9 265256 
245 1 0 |a Maska  |c Martin Mašek 
504 |a Res. angl. 
610 7 |a Tatra banka (Košice, Slovensko)  |x architektúra  |2 snkbucl  |9 851500 
651 7 |a Košice (Slovensko)  |2 snkbucl  |9 18694 
655 7 |a články z novín a časopisov  |2 snkbucl  |9 267496 
773 0 |x 1335-3268  |t ARCH  |g Roč. 7, č. 3 (2002), s. 27-32 
850 |a Slovenská národná knižnica v Martine 
852 |a SNK  |b KIS3GCP 
958 |a RBX 
999 |c 1368813  |d 1370743